000 00858nam a2200253Ia 4500
003 OSt
005 20220923224628.0
006 a|||||r|||| 00| 0
007 ta
008 220922b |||||||| |||| 00| 0 hin d
024 _a248,394
037 _cTextual
040 _aARTS
_cARTS
_bhin
041 _2hin
_ahin
082 _aO152:g(Y), M2
100 _aगुप्ता, विश्वम्भर दयाल
245 0 _aसाहित्य का समाजशास्त्र
246 _aSāhitya kā samājashāstra
260 _aहाथरस
_b सीता प्रकाशन
_c1982
300 _a104पृ.
_ccm.
650 _aहिन्दी साहित्य
_9156264
942 _hO152:g(Y), M2
_cTEXL
_2CC
999 _c372628
_d372628